1393 1323 1105 1979 1638 1066 1910 1704 1817 1719 1599 1426 1504 1454 1420 1562 1627 1234 1955 1421 1629 1855 1762 1806 1616 1733 1330 1075 1096 1580 1551 1330 1027 1910 1778 1574 1817 1946 1987 1157 1276 1816 1050 1441 1421 1663 1163 1150 1557 1172 1390 1742 1174 1786 1439 1763 1835 1322 1470 1030 1784 1864 1686 1136 1073 1577 1054 1669 1006 1389 1398 1161 1730 1116 1245 1090 1841 1976 1968 1769 1420 1504 1665 1704 1628 1117 1244 1258 1762 1174 1523 1036 1219 1890 1123 1227 1005 1018 1904 BCNSPRNW ULIB Ver.6.0+V

เปลี่ยนเป็นภาษาไทย

Change to English
 แสดงรายละเอียดบรรณานุกรม
  กลับหน้าหลัก

Brief Record : Get Marc (ISO 2709) : E-mail record : QR code < ปิดหน้าต่าง
LEADER : 00000nam 2200000uu 4500
001    13399122797
003     ULIB
008    130927s2552||||th 000 0 tha d
020    ^a9786117078040
090    นว.^bภ21ร
100 0  ^aภาคินัย
245 10 ^aโรงมหรศพ /^cภาคินัย [นามแฝง]
260    ^aกรุงเทพฯ :^bโซฟา พับลิชชิ่ง,^c2552
300    ^a269 หน้า
945    ^p200^l0^i034044
999    ^aเกษร โพธิ์สุวรรณ
รายการนี้ยังไม่มีแท็ก
คุณยังไม่ได้ล็อกอิน คุณสามารถมีกิจกรรมร่วมกับเว็บไซต์ได้ แต่ต้องล็อกอินก่อน ::
  ล็อกอิน

รายการสื่อสารสนเทศ

ลำดับที่ ประเภท เลขเรียก/บาร์โค้ด สถานที่ สถานะ
1. นวนิยาย
นวนิยาย
นว. ภ21ร ฉ.1 
  Barcode: 034044
ห้องสมุดวิทยาเขตสวรรค์ประชารักษ์
►นวนิยาย
ถูกยืม กำหนดส่งวันที่ 15 ธันวาคม 2559
  จอง

รายการใกล้เคียง
    ผู้แต่ง [ภาคินัย]

BibComment


ยังไม่เคยถูกคอมเมนท์

คอมเมนท์ทรัพยากรรายการนี้
  คอมเมนท์: โรงมหรศพ ภาคินั..


 Copyright 2026. Bcnsprnw @Library